Monitoring of conditions inside gas aggregation cluster source during production of Ti/TiOx nanoparticles; Plasma Sources Science and Technology; Vol. 26, iss. 10

Bibliografische gegevens
Parent link:Plasma Sources Science and Technology.— , 1992-
Vol. 26, iss. 10.— 2017.— [105003]
Coauteur: Национальный исследовательский Томский политехнический университет Инженерная школа ядерных технологий Отделение ядерно-топливного цикла
Andere auteurs: Kousal Ja. Jaroslav, Kolpakova A., Shelemin A. Artem, Kudrna P. Pavel, Tichy M. Milan, Kylian O. Ondrej, Hanus J. Jan, Choukourov A. Andrei, Biederman H. Hynek
Samenvatting:Title screen
Gas aggregation sources are nowadays rather widely used in the research community for producing nanoparticles. However, the direct diagnostics of conditions inside the source are relatively scarce. In this work, we focused on monitoring the plasma parameters and the composition of the gas during the production of the TiOx nanoparticles. We studied the role of oxygen in the aggregation process and the influence of the presence of the particles on the plasma. The construction of the source allowed us to make a 2D map of the plasma parameters inside the source.
Режим доступа: по договору с организацией-держателем ресурса
Taal:Engels
Gepubliceerd in: 2017
Onderwerpen:
Online toegang:https://doi.org/10.1088/1361-6595/aa88e8
Formaat: Elektronisch Hoofdstuk
KOHA link:https://koha.lib.tpu.ru/cgi-bin/koha/opac-detail.pl?biblionumber=657752

MARC

LEADER 00000naa0a2200000 4500
001 657752
005 20250122184051.0
035 |a (RuTPU)RU\TPU\network\24478 
090 |a 657752 
100 |a 20180314d2017 k||y0engy50 ba 
101 0 |a eng 
102 |a GB 
135 |a drcn ---uucaa 
181 0 |a i  
182 0 |a b 
200 1 |a Monitoring of conditions inside gas aggregation cluster source during production of Ti/TiOx nanoparticles  |f Ja. Kousal, A. Kolpakova, A. Shelemin [et al.] 
203 |a Text  |c electronic 
300 |a Title screen 
320 |a [References: 40 tit.] 
330 |a Gas aggregation sources are nowadays rather widely used in the research community for producing nanoparticles. However, the direct diagnostics of conditions inside the source are relatively scarce. In this work, we focused on monitoring the plasma parameters and the composition of the gas during the production of the TiOx nanoparticles. We studied the role of oxygen in the aggregation process and the influence of the presence of the particles on the plasma. The construction of the source allowed us to make a 2D map of the plasma parameters inside the source. 
333 |a Режим доступа: по договору с организацией-держателем ресурса 
461 |t Plasma Sources Science and Technology  |d 1992- 
463 |t Vol. 26, iss. 10  |v [105003]  |d 2017 
610 1 |a электронный ресурс 
610 1 |a труды учёных ТПУ 
610 1 |a наночастицы 
610 1 |a плазма 
701 1 |a Kousal  |b Ja.  |g Jaroslav 
701 1 |a Kolpakova  |b A. 
701 1 |a Shelemin  |b A.  |g Artem 
701 1 |a Kudrna  |b P.  |g Pavel 
701 1 |a Tichy  |b M.  |c chemist  |c Professor of Tomsk Polytechnic University, Doctor of physical and mathematical sciences  |f 1947-  |g Milan  |3 (RuTPU)RU\TPU\pers\35771 
701 1 |a Kylian  |b O.  |g Ondrej 
701 1 |a Hanus  |b J.  |g Jan 
701 1 |a Choukourov  |b A.  |g Andrei 
701 1 |a Biederman  |b H.  |g Hynek 
712 0 2 |a Национальный исследовательский Томский политехнический университет  |b Инженерная школа ядерных технологий  |b Отделение ядерно-топливного цикла  |3 (RuTPU)RU\TPU\col\23554 
801 2 |a RU  |b 63413507  |c 20210616  |g RCR 
856 4 |u https://doi.org/10.1088/1361-6595/aa88e8 
942 |c CF